WWII Battles - Statistics

General Stats
  • This quiz has been taken 93 times
  • The average score is 11 of 16
Answer Stats
Year Hint Battle % Correct
1942-43 Turning point of the war. Bloodiest battle in history Battle of Stalingrad
95%
1942 Turning point in the Pacific. 4 Japanese carriers are sunk. Battle of Midway
88%
1941 Japanese surprise attack against the US. "A date which will live in infamy" Attack on Pearl Harbor
86%
1945 Germany's last stand. Brought about the end of WWII in Europe Battle of Berlin
85%
1945 American amphibious invasion results in a costly victory. An iconic photo of marines raising the American flag was taken here. Battle of Iwo Jima
82%
1944-45 German counteroffensive through the Ardennes Battle of the Bulge
80%
1940 Air battle between the German Luftwaffe and British RAF Battle of Britain
77%
1941-42 Unsuccessful German attempt to capture the Soviet capital Battle of Moscow
75%
1945 Largest amphibious assault of the Pacific theater. Civilians were urged to commit suicide by Japanese soldiers Battle of Okinawa
75%
1943 Unsuccessful German attempt to encircle a Soviet salient. Largest tank battle in history Battle of Kursk
71%
1937 Japanese forces capture the Chinese capital. Hundreds of thousands of Chinese civilians are massacred Battle of Nanking
71%
1942 US fleet turns back Japanese forces planning to invade New Guinea Battle of the Coral Sea
56%
1942-43 First major Allied offensive in the Pacific. American forces capture a Japanese airbase Battle of Guadalcanal
50%
1944 Largest naval battle of the war. Japanese fleet is crippled Battle of Leyte Gulf
33%
1944 Part of the battle above. American "Screaming Eagles" defend crossroads vital to the German counterattack Battle of Bastogne
29%
1939 350-720 Poles hold their ground for 3 days against more than 40,000 Germans Battle of Wizna
5%
No matching quizzes found
Score Distribution
Percent of People with Each Score
Percentile by Number Answered
Your Score History
You have not taken this quiz